Το Τραγούδι Γενεθλίων - Statistics

General Stats
  • This quiz has been taken 36 times
  • The average score is 24 of 25
Answer Stats
Στίχοι % Correct
Να
100%
ζήσεις
100%
και
100%
χρόνια
100%
πολλά,
100%
μεγάλ(ος/η)
100%
να
100%
με
100%
άσπρα
100%
να
100%
το
100%
φως
100%
και
100%
να
100%
να
100%
γίνεις
97%
μαλλιά,
97%
παντού
97%
της
97%
όλοι
97%
λένε,
94%
γνώσης
91%
ένας/μία
91%
σοφός
91%
σκορπίζεις
78%
No matching quizzes found
Score Distribution
Percent of People with Each Score
Percentile by Number Answered
Your Score History
You have not taken this quiz